Statistics for 鉄道事業者別路線総延長ランキング トップ30

Click here to take the quiz!

General Stats

  • This quiz has been taken 373 times
  • The average score is 21 of 30

Answer Stats

順位事業者営業キロ% Correct
8東武鉄道463.3km
94%
1東日本旅客鉄道7191.1km
93%
3九州旅客鉄道2313.4km
93%
4北海道旅客鉄道2248.8km
93%
5東海旅客鉄道1970.8km
93%
2西日本旅客鉄道4887.3km
93%
6四国旅客鉄道853.7km
92%
7近畿日本鉄道501.1km
92%
9名古屋鉄道444.2km
90%
11西武鉄道176.6km
90%
14京成電鉄153.8km
87%
15阪急電鉄141.2km
85%
24西日本鉄道106.1km
81%
19小田急電鉄120.5km
80%
25東急電鉄103.3km
77%
10東京地下鉄195.0km
70%
18青い森鉄道121.9km
67%
13南海電気鉄道154.8km
63%
28えちごトキめき鉄道97.0km
58%
20肥薩おれんじ鉄道116.9km
57%
26しなの鉄道102.4km
55%
27あいの風とやま鉄道100.1km
55%
12三陸鉄道163.0km
53%
17東京都交通局131.2km
50%
23富山地方鉄道108.4km
40%
16大阪市高速電気軌道137.8km
39%
29秋田内陸縦貫鉄道94.2km
36%
22土佐くろしお鉄道109.3km
34%
30松浦鉄道93.8km
34%
21WILLERTRAINS114.0km
12%

Score Distribution

Percentile by Number Answered

Percent of People with Each Score

Your Score History

You have not taken this quiz